| 000 | 00542nam a2200205Ia 4500 | ||
|---|---|---|---|
| 003 | GCL | ||
| 008 | 140319s9999 xx 000 0 eng d | ||
| 040 |
_aGCL / _cGCL |
||
| 082 | 0 | 4 |
_a781 _bB M |
| 100 | 1 | _aBENWARD,BRUCE WHIT, GARY | |
| 245 | 1 | 0 |
_aMUSIC: IN THEORY AND PRACTICE V.2 / _cBENWARD,BRUCE WHIT, GARY |
| 260 |
_a[S.N] : _bWCB BROWN & BENCHANARK ، _c1993 |
||
| 300 | _a366 | ||
| 650 | 0 | 4 | _aHARMONY, COLORS |
| 650 | 0 | 4 | _aMUSIC - THEORY |
| 650 | 0 | 4 | _aMUSIC |
| 650 | 0 | 4 | _aMUSIC - ELEMENTS |
| 650 | 0 | 4 | _aHARMONY |
| 942 |
_2ddc _cBK |
||
| 999 |
_c11844 _d11844 |
||